| Tag |
First Indicator |
Second Indicator |
Subfields |
| LEADER |
00000pam a2200000 a 4500 |
| 001 |
in00000087295 |
| 005 |
20151008062904.0 |
| 008 |
811203s1982 maua b 10100 eng |
| 010 |
|
|
|a 81020629
|
| 020 |
|
|
|a 088410737X
|
| 035 |
|
|
|a (OCoLC)08034269
|
| 035 |
|
|
|9 AAK1141AM
|
| 039 |
0 |
|
|a 2
|b 3
|c 3
|d 3
|e 3
|
| 040 |
|
|
|a DLC
|c DLC
|d TXA
|d UtOrBLW
|
| 043 |
|
|
|a n-us---
|
| 049 |
|
|
|a TXAM
|c [1633222]
|
| 050 |
0 |
0 |
|a RA410.53
|b F558
|
| 060 |
|
0 |
|a W3 PR945F 6th 1981f
|a W 74 P961 1981f
|
| 082 |
0 |
|
|a 338.4/33621/0973
|2 19
|
| 245 |
0 |
0 |
|a Financing health care :
|b competition versus regulation : the papers and proceedings of the sixth private sector conference March 23 and 24, 1981 /
|c edited by Duncan Yaggy, William G. Anlyan ; foreword by David A. Hamburg.
|
| 264 |
|
1 |
|a Cambridge, Mass. :
|b Ballinger Pub. Co.,
|c [1982]
|
| 264 |
|
4 |
|c ©1982
|
| 300 |
|
|
|a xxi, 239 pages :
|b illustrations ;
|c 24 cm.
|
| 336 |
|
|
|a text
|b txt
|2 rdacontent
|
| 337 |
|
|
|a unmediated
|b n
|2 rdamedia
|
| 338 |
|
|
|a volume
|b nc
|2 rdacarrier
|
| 500 |
|
|
|a Papers from a conference held at the Duke University Medical Center, March 23 and 24, 1981.
|
| 504 |
|
|
|a Includes bibliographical references and index.
|
| 650 |
|
0 |
|a Medical care
|z United States
|x Finance
|x Congresses.
|
| 650 |
|
0 |
|a Medical care, Cost of
|z United States
|v Congresses.
|
| 650 |
|
0 |
|a Medical policy
|z United States
|v Congresses.
|
| 650 |
|
2 |
|a Economics, Medical
|z United States
|x Congresses.
|
| 650 |
|
2 |
|a Insurance, Health
|z United States
|x Congresses.
|
| 700 |
1 |
|
|a Yaggy, Duncan.
|
| 700 |
1 |
|
|a Anlyan, William G.
|
| 710 |
2 |
|
|a Duke University.
|b Medical Center.
|
| 999 |
|
|
|a MARS
|
| 999 |
f |
f |
|s 35cb5641-b78f-3531-b883-012df4a277ab
|i 20ed5c23-4ced-3037-8007-70d8a3271dfb
|t 0
|
| 952 |
f |
f |
|p ric
|a Texas A&M University
|b Rellis Campus
|c Joint Library Facility
|d Remote Storage
|t 0
|e RA410.53 F558
|h Library of Congress classification
|i unmediated -- volume
|m A14805977102
|
| 998 |
f |
f |
|a RA410.53 F558
|t 0
|l Remote Storage
|